000
002460000a22000970004500
100
1
_a
Blois, Kees de
245
1
0
_a
Forma y significado
300
_a
Vol. 2, Num. 1 (Octubre, 1991), Páginas 14-19
773
0
_t
Traducción de la Biblia
942
_c
ANA
999
_c
52655
_d
52655